José (Record no. 161266)

MARC details
000 -LEADER
campo de control de longitud fija 00879nam a2200229 i 4500
001 - NÚMERO DE CONTROL
campo de control 161266
003 - IDENTIFICADOR DE NÚMERO DE CONTROL
campo de control ES-MaACL
005 - FECHA Y HORA DE LA ÚLTIMA TRANSACCIÓN
campo de control 20260204113151.0
008 - DATOS DE LONGITUD FIJA--INFORMACIÓN GENERAL
campo de control de longitud fija 981110s1902 sp |||| | spa d
040 ## - FUENTE DE CATALOGACIÓN
Centro catalogador/agencia de origen AS
Lengua de catalogación spa
Centro/agencia transcriptor AS
100 1# - ENTRADA PRINCIPAL--NOMBRE DE PERSONA
Nombre de persona Palacio Valdés, Armando,
Fechas asociadas al nombre 1853-1938
9 (RLIN) 88382
245 10 - MENCIÓN DEL TÍTULO
Título José
Resto del título ; ¡Solo! ; Seducción /
Mención de responsabilidad, etc. Armando Palacio Valdés.
260 ## - PUBLICACIÓN, DISTRIBUCIÓN, ETC.
Lugar de publicación, distribución, etc. Madrid :
Nombre del editor, distribuidor, etc. Librería de Victoriano Suérez,
Fecha de publicación, distribución, etc. 1902.
300 ## - DESCRIPCIÓN FÍSICA
Extensión 299, 33, 25 p. ;
Dimensiones 19 cm.
490 1# - MENCIÓN DE SERIE
Mención de serie Obras completas de Armando Palacio Valdés ;
Designación de volumen o secuencia 8
530 ## - NOTA DISPONIBLE DE FORMULARIO FÍSICO ADICIONAL
Nota de formato físico adicional disponible Disponible en formato digital.
800 ## - PUNTO DE ACCESO ADICIONAL DE SERIE--NOMBRE DE PERSONA
9 (RLIN) 236486
Nombre de persona Palacio Valdés, Armando,
Fechas asociadas al nombre 1853-1938.
Título de la obra Obras ;
Designación de volumen o secuencia 8
852 ## - LOCALIZACIÓN
Ubicación ES-MaACL
Número de control de estantería B-4038
Encuadernación Encuadernación pasta española
Ubicación en estantería Sala Pardo Bazán
856 4# - LOCALIZACIÓN Y ACCESO ELECTRÓNICOS
Identificador Uniforme de Recursos <a href="http://bdh-rd.bne.es/viewer.vm?id=0000251576&page=1 ">http://bdh-rd.bne.es/viewer.vm?id=0000251576&page=1 </a>
Texto de enlace Biblioteca Digital Hispánica
942 ## - ELEMENTOS DE ENTRADA SECUNDARIOS (KOHA)
Fuente del sistema de clasificación o colocación Clasificación decimal universal
Holdings
Estatus retirado Estado de pérdida Fuente del sistema de clasificación o colocación Estado de daño No para préstamo Biblioteca de origen Biblioteca actual Ubicación en estantería Fecha de adquisición Total de préstamos Signatura topográfica completa Código de barras Visto por última vez Precio de reemplazo Tipo de ítem Koha
    Clasificación decimal universal     Biblioteca del Ateneo de Madrid Biblioteca del Ateneo de Madrid Sala Pardo Bazán 17/01/2008   B-4038 1168915 23/02/2023 23/02/2023 Libro impreso